100 sor a nacionalizmusról

Elmentve itt :
Bibliográfiai részletek
Szerző: SZŰCS Béla
Adatforrás:Meister
Forrásdokumentuma:A Hét. -
36 sz., 1991, 2 p.
Nyelv:magyar
Kulcsszavak:politikai publicisztika
nacionalizmus
LEADER 00349nab a2200133 i 4500
001 bibPRO00005110
008 060524s1991 xx hun
040 |a Sz1 
041 |a hun 
100 1 |a SZŰCS Béla 
245 1 0 |a 100 sor a nacionalizmusról  |c SZŰCS Béla 
695 |a politikai publicisztika 
695 |a nacionalizmus 
773 0 |t A Hét. -  |g 36 sz., 1991, 2 p.